MARC

LEADER 00000nam0a2200000 4500
001 312669
005 20231102002516.0
020 |a RU  |b 82-34075 
035 |a (RuTPU)RU\TPU\book\338039 
090 |a 312669 
100 |a 20151225d1982 km y0rusy5003 ca 
101 0 |a rus 
102 |a RU 
105 |a a z 001zy 
200 1 |a Уравновешивание механизмов  |f В. А. Щепетильников 
210 |a Москва  |c Машиностроение  |d 1982 
215 |a 256 с.  |c ил. 
320 |a Библиогр.: с. 251-253 
320 |a Предметный указатель: с. 254-256 
606 1 |a Механизмы  |x Уравновешивание  |2 stltpush  |3 (RuTPU)RU\TPU\subj\43529  |9 63018 
610 1 |a симметричные звенья 
610 1 |a многоцилиндровые машины 
610 1 |a кинематические пары 
610 1 |a разгрузка 
610 1 |a статистическое уравновешивание 
610 1 |a шарнирные механизмы 
610 1 |a рычажные механизмы 
610 1 |a динамическое уравновешивание 
610 1 |a аналитические методы 
675 |a 62-755  |z rus  |v 3 
700 1 |a Щепетильников  |b В. А.  |g Владимир Алексеевич  |4 070 
801 0 |a RU  |b RuMRKP  |c 19950704  |g psbo 
801 1 |a RU  |b 63413507  |c 20151225 
801 2 |a RU  |b 63413507  |c 20180928  |g RCR 
942 |c BK